Zoznam časopisov dochádzajúcich do SEK v roku 1998 [abecedná časť]

Gespeichert in:
Bibliographische Detailangaben
Format: Buch
Sprache:Slowakisch
Veröffentlicht: Bratislava SEK 1998
Tags: Tag hinzufügen
Keine Tags, Fügen Sie das erste Tag hinzu!

MARC

LEADER 00000nam a2200000 4500
001 c113855
005 20240729124425.0
041 0 |a slo 
044 |a SK 
245 1 0 |a Zoznam časopisov dochádzajúcich do SEK v roku 1998  |b [abecedná časť]  |c zostavila: Leokádia Modrovská 
264 1 |a Bratislava  |b SEK  |c 1998 
300 |a 33 s.